<?xml version="1.0" encoding="UTF-8"?><record xmlns="http://www.loc.gov/MARC21/slim" xmlns:zs="http://docs.oasis-open.org/ns/search-ws/sruResponse">
  <leader>01555cz  a2200289n  4500</leader>
  <controlfield tag="001">n  81020271 </controlfield>
  <controlfield tag="003">DLC</controlfield>
  <controlfield tag="005">20140618070253.0</controlfield>
  <controlfield tag="008">810404n| azannaabn          |a aaa      </controlfield>
  <datafield ind1=" " ind2=" " tag="010">
    <subfield code="a">n  81020271 </subfield>
  </datafield>
  <datafield ind1=" " ind2=" " tag="035">
    <subfield code="a">(OCoLC)oca00566100</subfield>
  </datafield>
  <datafield ind1=" " ind2=" " tag="040">
    <subfield code="a">DLC</subfield>
    <subfield code="b">eng</subfield>
    <subfield code="e">rda</subfield>
    <subfield code="c">DLC</subfield>
    <subfield code="d">DLC</subfield>
    <subfield code="d">OCoLC</subfield>
    <subfield code="d">DLC</subfield>
    <subfield code="d">UkOxU</subfield>
    <subfield code="d">IEN</subfield>
  </datafield>
  <datafield ind1=" " ind2=" " tag="046">
    <subfield code="f">18121223</subfield>
    <subfield code="g">19041113</subfield>
  </datafield>
  <datafield ind1="1" ind2=" " tag="100">
    <subfield code="a">Wallon, H.</subfield>
    <subfield code="q">(Henri),</subfield>
    <subfield code="d">1812-1904</subfield>
  </datafield>
  <datafield ind1=" " ind2=" " tag="370">
    <subfield code="c">France</subfield>
  </datafield>
  <datafield ind1=" " ind2=" " tag="372">
    <subfield code="a">History</subfield>
    <subfield code="a">France--Politics and government</subfield>
    <subfield code="2">lcsh</subfield>
  </datafield>
  <datafield ind1=" " ind2=" " tag="374">
    <subfield code="a">Historians</subfield>
    <subfield code="a">Statesmen</subfield>
    <subfield code="2">lcsh</subfield>
  </datafield>
  <datafield ind1=" " ind2=" " tag="375">
    <subfield code="a">male</subfield>
  </datafield>
  <datafield ind1=" " ind2=" " tag="377">
    <subfield code="a">fre</subfield>
  </datafield>
  <datafield ind1=" " ind2=" " tag="378">
    <subfield code="q">Henri-Alexandre</subfield>
  </datafield>
  <datafield ind1="1" ind2=" " tag="400">
    <subfield code="w">nne</subfield>
    <subfield code="a">Wallon, Henri Alexandre,</subfield>
    <subfield code="d">1812-1904</subfield>
  </datafield>
  <datafield ind1=" " ind2=" " tag="670">
    <subfield code="a">His Saint Louis et son temps, 1875:</subfield>
    <subfield code="b">title page (H. Wallon)</subfield>
  </datafield>
  <datafield ind1=" " ind2=" " tag="670">
    <subfield code="a">Jeanne d'Arc, 1876:</subfield>
    <subfield code="b">title page (H. Wallon)</subfield>
  </datafield>
  <datafield ind1=" " ind2=" " tag="670">
    <subfield code="a">His Notice sur la vie et les travaux de M. Ambroise Firmin-Didot ...  1886:</subfield>
    <subfield code="b">t.p. (M. H. Wallon, secrétaire perpétuel de l'Académie [des inscriptions et belles-lettres])</subfield>
  </datafield>
  <datafield ind1=" " ind2=" " tag="670">
    <subfield code="a">Yanoski, J. De l'abolition de l'esclavage ancien au Moyen Age et de sa transformation en servitude de la glèbe, 1985:</subfield>
    <subfield code="b">t.p. (Henri Wallon)</subfield>
  </datafield>
  <datafield ind1=" " ind2=" " tag="670">
    <subfield code="a">Bib. nat., 1973</subfield>
    <subfield code="b">(author of Histoire de l'esclavage dans l'antiquité; hdg.; Wallon, Henri-Alexandre; usage: H. Wallon, Wallon)</subfield>
  </datafield>
  <datafield ind1=" " ind2=" " tag="670">
    <subfield code="a">Wikipedia, May 13, 2014</subfield>
    <subfield code="b">(Henri-Alexandre Wallon was a French historian and statesman whose decisive contribution to the creation of the Third Republic led him to be called the "Father of the Republic". Wallon was born at Valenciennes, Nord on 23 December in 1812 ; died 13 November 1904)</subfield>
  </datafield>
</record>
